WWE World Champions - Sudden death rules - Statistics

General Stats
  • This quiz has been taken 1,000 times
  • The average score is 10 of 15
Answers on the Grid
Answers color-coded by a green-red scale on the quiz's grid according to % correct below.
John Cena
Samoa Joe
Razor Ramon
Eddie Guerrero
Jinder Mahal
Rick Rude
Rob Van Dam
Steve Austin
Shelton Benjamin
Dusty Rhodes
Pedro Morales
Earthquake
Jeff Jarrett
Seth Rollins
Umaga
Batista
Wade Barrett
Bob Backlund
Bret Hart
Lou Thesz
Vader
A.J. Styles
Matt Hardy
Randy Savage
Jake Roberts
Mr. Perfect
Kurt Angle
Cesaro
Cody Rhodes
Buddy Rogers
 
Answer Stats
Answer % Correct
John Cena
98%
Steve Austin
76%
Eddie Guerrero
75%
Batista
71%
Seth Rollins
71%
A.J. Styles
67%
Cody Rhodes
67%
Jinder Mahal
67%
Kurt Angle
65%
Bret Hart
63%
Rob Van Dam
63%
Randy Savage
54%
Bob Backlund
51%
Pedro Morales
42%
Buddy Rogers
40%
No matching quizzes found
Score Distribution
Percent of People with Each Score
Percentile by Number Answered
Your Score History
You have not taken this quiz